| 000 | 00000nam##2200000za#4500 |
| 001 | 9.638370 |
| 003 | CaOODSP |
| 005 | 20250910142445 |
| 007 | cr ||||||||||| |
| 008 | 150407|2002||||xxc|||||o f|0| 0 fre|d |
| 040 | |aCaOODSP|bfre |
| 043 | |an-cn--- |
| 086 | 1 |aD2-139/2002F-PDF |
| 110 | 1 |aCanada. |bMinistère de la défense nationale. |
| 245 | 10|aStratégie en matière de RH militaires 2020 : |h[ressource électronique]|brelever les défis futurs en matière de personnel |
| 260 | |bDéfense nationale |cc2002. |
| 300 | |a50p.|bfigures en couleur, tableaux |
| 500 | |aLe n° de catalogue (D2-139/2002) de l'édition imprimée bilingue a été incorrectement copié dans l’édition électronique. L’ISBN (0-662-66733-8) imprimé dans cette publication est incorrect. |
| 590 | |a11-02-Supp|b2011-01-27 |
| 691 | 07|aPersonnel militaire|2gcpds |
| 691 | 07|aRessources humaines|2gcpds |
| 775 | 08|tMilitary HR strategy 2020 : |w(CaOODSP)9.694190 |
| 856 | 40|ahttp://publications.gc.ca|qPDF|s1497 Ko|uhttps://publications.gc.ca/collections/collection_2011/dn-nd/D2-139-2002-fra.pdf |